Phân loại và phương pháp giải nhanh bài tập vật lí 10 : Tự luận và trắc nghiệm khách quan

Nội dung sách trình bày tóm tắt các nội dung cơ bản nhất của dạng bài tập, cơ sở lý thuyết và phương pháp giải và các bài tập tự rèn luyện.

保存先:
書誌詳細
第一著者: Mai, Trọng Ý
フォーマット: 図書
言語:Undetermined
出版事項: Hà Nội Đại học quốc gia Hà Nội 2019
主題:
タグ: タグ追加
タグなし, このレコードへの初めてのタグを付けませんか!
Thư viện lưu trữ: Trung tâm Học liệu Trường Đại học Cần Thơ
LEADER 00964nam a2200229Ia 4500
001 CTU_232590
008 210402s9999 xx 000 0 und d
020 |c 85000 
082 |a 530.076 
082 |b Y600 
100 |a Mai, Trọng Ý 
245 0 |a Phân loại và phương pháp giải nhanh bài tập vật lí 10 : 
245 0 |b Tự luận và trắc nghiệm khách quan 
245 0 |c Mai Trọng Ý 
260 |a Hà Nội 
260 |b Đại học quốc gia Hà Nội 
260 |c 2019 
520 |a Nội dung sách trình bày tóm tắt các nội dung cơ bản nhất của dạng bài tập, cơ sở lý thuyết và phương pháp giải và các bài tập tự rèn luyện. 
650 |a Vật lí,Physics 
650 |x Câu hỏi và bài tập,Problems, exericses, etc. 
910 |a Tuyến 
980 |a Trung tâm Học liệu Trường Đại học Cần Thơ